000 00677nam a2200205 i 4500
001 32575
003 ES-MaACL
005 20250815082224.0
007 t|
008 030131s1953 sp |||| | spa d
100 1 _aBernácer, Germán (
_d1883-1965)
_928166
245 1 3 _aLa doctrina del gran espacio económico /
_cGermán Bernácer.
260 _aMadrid :
_bAguilar,
_c[1953] (
_fYagües)
300 _aXXXVII, 192 p. ;
_c19 cm.
490 1 _aBiblioteca de ciencias sociales
651 4 _aEuropa-
_xSituación económica-
_yS.XX.
_9167722
830 0 0 _aBiblioteca de ciencias sociales (Aguilar)
_9220462
852 _aES-MaACL
_jC-6273
999 _c32575
_d32575